1102 1687 1526 1775 1917 1195 1635 1298 1654 1088 1492 1309 1549 1001 1387 1098 1232 1071 1910 1653 1485 1754 1297 1785 1815 1111 1055 1261 1325 1452 1653 1202 1335 1642 1119 1071 1143 1725 1877 1393 1383 1999 1926 1044 1521 1964 1046 1058 1439 1627 1996 1162 1523 1581 1396 1091 1479 1218 1349 1656 1759 1045 1785 1187 1805 1782 1512 1940 1830 1436 1495 1005 1618 1379 1486 1838 1655 1049 1987 1664 1050 1591 1388 1598 1051 1444 1561 1520 1673 1144 1935 1402 1865 1028 1689 1642 1137 1301 1764 BCNSPRNW ULIB Ver.6.0+V

เปลี่ยนเป็นภาษาไทย

Change to English
 แสดงรายละเอียดบรรณานุกรม
  กลับหน้าหลัก

Brief Record : Get Marc (ISO 2709) : E-mail record : QR code < ปิดหน้าต่าง
LEADER : 00000nam 2200000uu 4500
001    13399127404
003     ULIB
008    200519s2015||||th 000 0 tha d
020    ^a9781506259857 (pbk.)
050  4 ^aPE1128^bS532T
100 1  ^aSharpe, Pamela J.
245 10 ^aTOEFL strategies and tips :^boutsmart the TOEFL /^cPamelaJ. Sharpe
246 30 ^aBarron s TOEFL strategies and tips : outsmart the TOEFL
246 30 ^aOutsmart the TOEFL
250    ^a2nd ed.
260    ^aHauppauge, N.Y. :^bBarron s Educational series,^c2015
300    ^ax, 453 p. :^bill. ;^c28 cm. +^e1 CD-ROM
650  0 ^aTest of English as a Foreign Language^vStudy guides
650  0 ^aEnglish language^vTextbooks for foreign speakers
650  0 ^aEnglish language^xExaminations^vStudy guides
653    ^aTOEFL
945    ^p386^l0^i007077
999    ^aประนอม เกษจรัล
รายการนี้ยังไม่มีแท็ก
คุณยังไม่ได้ล็อกอิน คุณสามารถมีกิจกรรมร่วมกับเว็บไซต์ได้ แต่ต้องล็อกอินก่อน ::
  ล็อกอิน

รายการสื่อสารสนเทศ

ลำดับที่ ประเภท เลขเรียก/บาร์โค้ด สถานที่ สถานะ
1. การศึกษาทั่วไป
หนังสือสำรอง
สถานะ=หนังสือสำรอง
PE1128 S532T ฉ.1 
  Barcode: 007077
ห้องสมุดวิทยาเขตสวรรค์ประชารักษ์
►หนังสือทั่วไป
บนชั้น

รายการใกล้เคียง
    ผู้แต่ง [Sharpe, Pamela J.]

BibComment


ยังไม่เคยถูกคอมเมนท์

คอมเมนท์ทรัพยากรรายการนี้
  คอมเมนท์: TOEFL strategies..


 Copyright 2026. Bcnsprnw @Library